[Event "Bundesliga 2022-23"]
[Site "Munich GER"]
[Date "2022.10.23"]
[Round "2.3"]
[Board "6"]
[White "Boensch, Uwe"]
[Black "Bezold, Michael"]
[Result "1/2-1/2"]
[WhiteTitle "GM"]
[BlackTitle "GM"]
[WhiteElo "2466"]
[BlackElo "2481"]
[WhiteTeam "USV TU Dresden"]
[BlackTeam "FC Bayern Muenchen"]
[WhiteFideId "4611268"]
[BlackFideId "4601718"]
[EventDate "2022.10.22"]

1. d4 d6 2. Nf3 Bg4 3. c4 Nd7 4. g3 Bxf3 5. exf3 e5 6. Bg2 Ngf6 7. O-O Be7 8. f4
c6 9. Nc3 O-O 10. Be3 Re8 11. fxe5 dxe5 12. d5 Qc7 13. Rc1 a5 14. a3 Rac8 15.
Re1 h6 16. h3 Bf8 17. Re2 Red8 18. Rd2 cxd5 19. Nxd5 Nxd5 20. Rxd5 Nb6 21. Rxd8
Rxd8 22. Qf3 Rd7 23. c5 Nd5 24. Rd1 Nxe3 25. Rxd7 Qxd7 26. Qxe3 Qd1+ 27. Kh2 Qd4
28. Qxd4 exd4 29. b4 axb4 30. axb4 b6 31. c6 Bd6 32. Bf1 Kf8 33. Kg2 Ke7 34. b5
f5 35. Kf3 Kf6 36. Ke2 g5 37. Kd3 Ke5 38. Bg2 Bc7 39. Bf3 Bb8 40. Kc4 Bc7 41.
Bd1 Bb8 42. Bc2 Bc7 43. Kd3 Bb8 44. Bb3 Bc7 45. Bg8 Bb8 46. Bc4 1/2-1/2

[Event "Bundesliga 2022-23"]
[Site "Munich GER"]
[Date "2022.10.23"]
[Round "2.3"]
[Board "7"]
[White "Kurmann, Oliver"]
[Black "Wong, Gengchun"]
[Result "1-0"]
[WhiteTitle "IM"]
[WhiteElo "2452"]
[BlackElo "2195"]
[WhiteTeam "FC Bayern Muenchen"]
[BlackTeam "USV TU Dresden"]
[WhiteFideId "1308173"]
[BlackFideId "12963283"]
[EventDate "2022.10.22"]

1. e4 c5 2. Nf3 d6 3. d4 cxd4 4. Nxd4 Nf6 5. Nc3 a6 6. Be3 e6 7. g4 e5 8. Nf5 h5
9. g5 Nxe4 10. Nxg7+ Bxg7 11. Nxe4 d5 12. Ng3 d4 13. Bd2 Qd5 14. c4 Qc6 15. Bd3
Bg4 16. Qc2 Nd7 17. Be4 Qc7 18. Nf5 Bxf5 19. Bxf5 Nc5 20. b4 d3 21. Bxd3 e4 22.
Bxe4 Bxa1 23. bxc5 O-O-O 24. O-O Be5 25. Rb1 Qxc5 26. Bxb7+ Kc7 27. Bb4 Bxh2+
28. Kxh2 Qe5+ 29. Kh1 Rd4 30. Qc3 Rg8 31. Ba5+ Kd7 32. Qh3+ Qe6 33. Bg2 Rc8 34.
Rb7+ Ke8 35. Qxh5 1-0

[Event "Bundesliga 2022-23"]
[Site "Munich GER"]
[Date "2022.10.23"]
[Round "2.3"]
[Board "8"]
[White "Lutz, Ruben"]
[Black "Ribli, Zoltan"]
[Result "1/2-1/2"]
[BlackTitle "GM"]
[WhiteElo "2098"]
[BlackElo "2526"]
[WhiteTeam "USV TU Dresden"]
[BlackTeam "FC Bayern Muenchen"]
[WhiteFideId "12975974"]
[BlackFideId "700010"]
[EventDate "2022.10.22"]

1. d4 Nf6 2. Nf3 d5 3. c4 e6 4. Nc3 c6 5. Bg5 dxc4 6. e4 b5 7. e5 h6 8. Bh4 g5
9. Nxg5 hxg5 10. Bxg5 Nbd7 11. g3 Bb7 12. Bg2 Qb6 13. exf6 O-O-O 14. O-O c5 15.
d5 b4 16. Na4 Qb5 17. dxe6 Bxg2 18. Kxg2 Qc6+ 19. f3 Qxe6 20. Qc2 Ne5 21. Rae1
Rd3 1/2-1/2

[Event "Bundesliga 2022-23"]
[Site "Munich GER"]
[Date "2022.10.23"]
[Round "2.4"]
[Board "1"]
[White "Moussard, Jules"]
[Black "Schroeder, Jan-Christian"]
[Result "1/2-1/2"]
[WhiteTitle "GM"]
[BlackTitle "GM"]
[WhiteElo "2686"]
[BlackElo "2544"]
[WhiteTeam "Schachfreunde Deizisau"]
[BlackTeam "SF Berlin"]
[WhiteFideId "642908"]
[BlackFideId "24662259"]
[EventDate "2022.10.22"]

1. e4 e5 2. Nf3 Nc6 3. Bb5 a6 4. Ba4 Nf6 5. O-O Nxe4 6. d4 b5 7. Bb3 d5 8. dxe5
Be6 9. c3 Be7 10. Nbd2 Nc5 11. Bc2 d4 12. Nb3 d3 13. Bb1 Nxb3 14. axb3 Bf5 15.
Re1 O-O 16. b4 a5 17. bxa5 Rxa5 18. Rxa5 Nxa5 19. Nd4 Bg6 20. Bxd3 Bxd3 21. Qxd3
c5 22. Qxb5 cxd4 23. Bd2 Qb8 24. Qxa5 Qxb2 25. cxd4 Qxd4 26. Be3 Qd7 27. Qa6 Qf5
28. Qb5 h6 29. h3 Rc8 30. Rd1 Bg5 31. Bxg5 hxg5 32. Qe2 Re8 33. Rd5 g6 34. Qe3
Kg7 35. Qd4 Qf4 36. Qc3 Re6 37. Ra5 Qe4 38. Rc5 Qf4 39. Rb5 Qe4 40. Qg3 Qc4 41.
Rb8 Qc7 42. Rb5 Qc4 43. Rb3 Qf4 44. Qxf4 gxf4 45. Rb5 g5 46. Kf1 f6 47. exf6+
Kxf6 48. f3 Re8 49. Rb4 Kf5 50. Rb2 Re7 51. Re2 Ra7 52. Re1 Ra8 53. Kg1 Ra7 54.
Rb1 Rh7 55. Rb6 Rh8 56. Kf2 Ra8 57. Rh6 Ra1 58. h4 gxh4 59. Rh5+ Kg6 60. Rxh4
Kg5 61. Rh8 Rb1 62. Re8 Kf5 63. Re1 Rb8 64. Ra1 Rc8 65. Kg1 Rh8 66. Ra5+ Kf6 67.
Ra7 Kf5 68. Ra6 Kg5 69. Kf2 Rb8 70. Ra5+ Kg6 71. Rc5 Kf6 72. Rh5 Rb1 73. Rd5 Rb8
74. Rd2 Re8 75. Re2 Ra8 76. Ke1 Kg5 77. Re7 Ra2 78. Re8 Rb2 79. Kf1 Rb1+ 80. Ke2
Kf5 81. Kd3 Rd1+ 82. Kc3 Rd7 83. Re2 Rd8 84. Rb2 Ke5 85. Ra2 Kf5 86. Kc4 Kg5 87.
Ra5+ Kf6 88. Rh5 Rd2 89. Rh2 Rd8 90. Rh4 Kf5 91. Rg4 Ke5 92. Kb5 Rc8 93. Kb6 Rc2
94. Rg7 Kf5 95. g3 fxg3 96. Rxg3 Kf4 97. Rh3 Rf2 98. Rh8 Rxf3 99. Rf8+ Kg3 100.
Rxf3+ Kxf3 1/2-1/2

[Event "Bundesliga 2022-23"]
[Site "Munich GER"]
[Date "2022.10.23"]
[Round "2.4"]
[Board "2"]
[White "Kraemer, Martin"]
[Black "Bluebaum, Matthias"]
[Result "0-1"]
[WhiteTitle "GM"]
[BlackTitle "GM"]
[WhiteElo "2579"]
[BlackElo "2647"]
[WhiteTeam "SF Berlin"]
[BlackTeam "Schachfreunde Deizisau"]
[WhiteFideId "4671910"]
[BlackFideId "24651516"]
[EventDate "2022.10.22"]

1. Nf3 d5 2. g3 Nf6 3. Bg2 e6 4. O-O Be7 5. d4 O-O 6. c4 c6 7. Nc3 a5 8. b3 b6
9. Qd3 Ba6 10. Rd1 b5 11. cxb5 cxb5 12. Nxb5 Qb6 13. a4 Nc6 14. Bg5 Na7 15. Bxf6
Bxf6 16. e3 Nxb5 17. axb5 Bxb5 18. Qd2 Rfb8 19. Rdb1 Be7 20. Qd1 Ra7 21. Bf1 Be8
22. Bd3 Rc7 23. Rc1 Rbc8 24. Rxc7 Rxc7 25. e4 dxe4 26. Bxe4 Rc3 27. Rc1 Rxc1 28.
Qxc1 Qxb3 29. Qc8 Qa4 30. Ne5 Bf8 31. Nc6 Bxc6 32. Bxc6 Qxd4 33. Qd7 Qxd7 34.
Bxd7 Bc5 35. Kf1 Kf8 36. Ke2 Ke7 37. Ba4 Kd6 38. f3 Kd5 39. Kd3 Bg1 40. h3 Bf2
41. g4 Ke5 42. Be8 f6 43. Bd7 g5 44. Ke2 Bb6 45. Kd3 Kf4 46. Ke2 e5 47. Bc6 Kg3
48. Kd3 Kxh3 49. Ke4 Kg3 50. Kf5 Bd4 51. Ke4 Kf2 52. Bb5 Bb6 53. Ba4 Ke2 54.
Bb5+ Kd2 55. Bc6 Kc3 56. Bd7 Kb4 57. Kd3 a4 58. Be6 a3 59. Kc2 Bd4 60. Kd3 f5
61. gxf5 h5 62. f6 h4 63. Kc2 Bc5 0-1

[Event "Bundesliga 2022-23"]
[Site "Munich GER"]
[Date "2022.10.23"]
[Round "2.4"]
[Board "3"]
[White "Heimann, Andreas"]
[Black "Baldauf, Marco"]
[Result "1/2-1/2"]
[WhiteTitle "GM"]
[BlackTitle "GM"]
[WhiteElo "2573"]
[BlackElo "2506"]
[WhiteTeam "Schachfreunde Deizisau"]
[BlackTeam "SF Berlin"]
[WhiteFideId "24624632"]
[BlackFideId "4688210"]
[EventDate "2022.10.22"]

1. e4 c6 2. Nc3 d5 3. Nf3 dxe4 4. Nxe4 Nf6 5. Qe2 Nxe4 6. Qxe4 Qd5 7. Qh4 Qe6+
8. Be2 Qg4 9. Qg3 Qxg3 10. hxg3 g6 11. d4 h5 12. Ne5 Bg7 13. Bc4 Rf8 14. Bf4 Nd7
15. Nxd7 Bxd7 16. O-O-O O-O-O 17. Rhe1 Bf6 18. Be5 Bxe5 19. Rxe5 Rde8 20. Rde1
Kd8 21. b4 f6 22. R5e2 Bf5 23. d5 Kd7 24. dxc6+ bxc6 25. Rd2+ Kc7 26. Be6 Bxe6
27. Rxe6 Rf7 28. Rd4 Rb8 29. a4 a5 30. c3 Rb6 31. Kc2 axb4 32. cxb4 c5 33. Rd7+ 1/2-1/2

[Event "Bundesliga 2022-23"]
[Site "Munich GER"]
[Date "2022.10.23"]
[Round "2.4"]
[Board "4"]
[White "Kaasen, Tor Fredrik"]
[Black "Kozul, Zdenko"]
[Result "0-1"]
[WhiteTitle "IM"]
[BlackTitle "GM"]
[WhiteElo "2445"]
[BlackElo "2549"]
[WhiteTeam "SF Berlin"]
[BlackTeam "Schachfreunde Deizisau"]
[WhiteFideId "1516647"]
[BlackFideId "14502879"]
[EventDate "2022.10.22"]

1. e4 c5 2. Nf3 d6 3. d4 cxd4 4. Nxd4 Nf6 5. Nc3 Nc6 6. Bg5 e6 7. Qd2 a6 8.
O-O-O Bd7 9. Kb1 Rc8 10. Nxc6 Bxc6 11. f3 Be7 12. h4 h6 13. Be3 h5 14. Bg5 b5
15. Ne2 Qc7 16. Nd4 Bd7 17. Rc1 O-O 18. Bd3 e5 19. Ne2 Be6 20. f4 Bg4 21. c4 Qb7
22. Qe3 b4 23. Ng3 Rfe8 24. f5 a5 25. Be2 Bxe2 26. Qxe2 g6 27. Qf3 Ng4 28. Rhd1
Bf8 29. Nf1 a4 30. Rd5 Qa6 31. Nd2 Qa7 32. Nf1 Qa6 33. Qd3 gxf5 34. exf5 f6 35.
Bd2 e4 36. Qd4 Ne5 37. Rb5 Kh7 38. Qxe4 Nxc4 39. Qb7+ Qxb7 40. Rxb7+ Kg8 41.
Rxb4 Re4 42. Rb5 Rxh4 43. Bc3 Bh6 44. Re1 Rh1 45. Rd1 Rg1 46. g3 Na3+ 47. bxa3
Rxc3 48. Rb8+ Bf8 49. Kb2 Rf3 50. Nd2 Rg2 51. Kc1 Rc3+ 52. Kb1 Rd3 53. Kc1 d5
54. Re1 Kg7 55. Nb1 Bc5 56. Rb2 Be3+ 57. Rxe3 Rg1+ 58. Kc2 Rxe3 0-1

[Event "Bundesliga 2022-23"]
[Site "Munich GER"]
[Date "2022.10.23"]
[Round "2.4"]
[Board "5"]
[White "Dautov, Rustem"]
[Black "Seyb, Alexander"]
[Result "1/2-1/2"]
[WhiteTitle "GM"]
[BlackTitle "IM"]
[WhiteElo "2592"]
[BlackElo "2441"]
[WhiteTeam "Schachfreunde Deizisau"]
[BlackTeam "SF Berlin"]
[WhiteFideId "4623606"]
[BlackFideId "4699033"]
[EventDate "2022.10.22"]

1. d4 Nf6 2. c4 g6 3. Nf3 Bg7 4. g3 c6 5. Bg2 d5 6. O-O O-O 7. b3 dxc4 8. bxc4
c5 9. Bb2 Qb6 10. Qc1 cxd4 11. Nxd4 Nc6 12. Nxc6 bxc6 13. Nd2 Bf5 14. Nb3 Rfd8
15. Be5 a5 16. e3 Be4 17. f3 Bd3 18. Rd1 Bxc4 19. Rxd8+ Rxd8 20. Bd4 Qb5 21. Nc5
Nd5 22. Rb1 Bxd4 23. exd4 Nc3 24. Rxb5 Ne2+ 25. Kf2 Nxc1 26. Rxa5 Nxa2 27. Ra4
Bd5 28. Ra7 Nb4 29. Rxe7 Nc2 30. Rd7 Rxd7 31. Nxd7 Kg7 32. Nb6 Be6 33. f4 Nxd4
34. Na4 Bb3 35. Nc5 Bd5 36. Bf1 Ne6 37. Nxe6+ Bxe6 38. Ke3 c5 39. Ke4 Kf6 40.
Bb5 Ke7 41. Ke5 f6+ 42. Ke4 Kd6 43. Kd3 Bf5+ 44. Kc4 Bh3 45. Ba4 Bf1+ 46. Kc3
Kd5 47. Bc2 Bh3 48. Bd1 Ke4 49. Kc4 Ke3 50. Kxc5 Kf2 51. Kd4 Kg2 52. Ke3 Kxh2
53. Kf2 Bg2 54. Bc2 Bd5 55. Bd3 f5 56. Be2 Be4 57. g4 fxg4 58. Bxg4 Bf5 59. Bf3
Kh3 60. Be2 Kh4 61. Bf3 h6 62. Be2 Kh3 63. Bf3 Bg4 64. Bd5 g5 65. fxg5 hxg5 66.
Kg1 1/2-1/2

[Event "Bundesliga 2022-23"]
[Site "Munich GER"]
[Date "2022.10.23"]
[Round "2.4"]
[Board "6"]
[White "Hess, Max"]
[Black "Krasenkow, Michal"]
[Result "0-1"]
[WhiteTitle "FM"]
[BlackTitle "GM"]
[WhiteElo "2361"]
[BlackElo "2550"]
[WhiteTeam "SF Berlin"]
[BlackTeam "Schachfreunde Deizisau"]
[WhiteFideId "24656666"]
[BlackFideId "1113100"]
[EventDate "2022.10.22"]

1. d4 d6 2. e4 Nf6 3. Nc3 c6 4. f4 Qa5 5. Bd3 e5 6. Nf3 Nbd7 7. O-O Be7 8. Kh1
O-O 9. Qe1 Re8 10. Be3 exd4 11. Bxd4 Nc5 12. Nd5 Qxe1 13. Nxe7+ Rxe7 14. Raxe1
Nfd7 15. Re3 Nxd3 16. cxd3 c5 17. Bc3 d5 18. Be1 d4 19. Re2 b6 20. Nd2 Ba6 21.
Nc4 Bxc4 22. dxc4 Rae8 23. e5 f6 24. Bh4 Re6 25. Bg3 fxe5 26. fxe5 Nxe5 27. Rfe1
d3 28. Re4 d2 29. Rd1 Nxc4 30. Rxe6 Rxe6 31. b3 Nd6 32. Rxd2 Ne4 33. Rd8+ Kf7
34. Bb8 Nc3 35. Kg1 a5 36. Rd7+ Kg6 37. Rd2 h5 38. Kf1 Kf5 39. Rc2 Nd5 40. Rd2
Ke4 41. h3 Ne3+ 42. Kg1 Rf6 43. Rd7 g6 44. Rg7 a4 45. Ra7 axb3 46. axb3 Rf1+ 47.
Kh2 Rb1 48. Re7+ Kd3 49. Re6 h4 50. g4 hxg3+ 51. Kxg3 Rxb3 52. Rxg6 c4 53. h4 c3
54. Rc6 Nd5 55. h5 c2 56. h6 Rb1 57. Kh2 c1=Q 58. Rxc1 Rxc1 59. h7 Rc8 60. Be5
b5 61. h8=Q Rxh8+ 62. Bxh8 Nc3 63. Bg7 b4 64. Bf8 b3 65. Ba3 Kc2 66. Kg2 Nb5 0-1

[Event "Bundesliga 2022-23"]
[Site "Munich GER"]
[Date "2022.10.23"]
[Round "2.4"]
[Board "7"]
[White "Maurizzi, Marc'Andria"]
[Black "Schmidek, Emil"]
[Result "1-0"]
[WhiteTitle "GM"]
[BlackTitle "IM"]
[WhiteElo "2521"]
[BlackElo "2414"]
[WhiteTeam "Schachfreunde Deizisau"]
[BlackTeam "SF Berlin"]
[WhiteFideId "36083534"]
[BlackFideId "12908150"]
[EventDate "2022.10.22"]

1. e4 c6 2. d4 d5 3. Nc3 dxe4 4. Nxe4 Nf6 5. Nxf6+ exf6 6. Be3 Bd6 7. Bd3 Nd7 8.
Ne2 f5 9. Qd2 Nf6 10. Ng3 g6 11. O-O Be6 12. Rfe1 Nd5 13. Bg5 Be7 14. Bxe7 Nxe7
15. Ne2 Qd6 16. Nf4 O-O-O 17. c3 Nd5 18. Nxe6 fxe6 19. Re5 Nf6 20. h3 Nd7 21.
Re3 c5 22. Rae1 Rhe8 23. Bb5 e5 24. Rd3 cxd4 25. cxd4 e4 26. Ra3 Kb8 27. Ree3
Rf8 28. Reb3 Nc5 29. Qa5 Nxb3 30. Qxa7+ Kc7 31. Rxb3 Rc8 32. Bf1 Rb8 33. a4 Rfc8
34. Qa5+ Kd7 35. d5 Rc5 36. Qa7 Rxd5 37. g3 Rd1 38. Kg2 Qd5 39. Rb5 Qd6 40. a5
Ke8 41. a6 Rxf1 42. Kxf1 Rd8 43. Rxb7 f4 44. Kg2 Qd5 45. gxf4 Qh5 46. Re7+ Kf8
47. Rxe4 1-0

[Event "Bundesliga 2022-23"]
[Site "Munich GER"]
[Date "2022.10.23"]
[Round "2.4"]
[Board "8"]
[White "Morgunov, Marc"]
[Black "Koellner, Ruben Gideon"]
[Result "1/2-1/2"]
[WhiteTitle "FM"]
[BlackTitle "IM"]
[WhiteElo "2417"]
[BlackElo "2403"]
[WhiteTeam "SF Berlin"]
[BlackTeam "Schachfreunde Deizisau"]
[WhiteFideId "1640305"]
[BlackFideId "12993093"]
[EventDate "2022.10.22"]

1. e4 e5 2. Nf3 Nc6 3. Bb5 Bc5 4. O-O Nd4 5. Nxd4 Bxd4 6. c3 Bb6 7. d4 c6 8. Ba4
d6 9. Na3 Nf6 10. Nc4 Bc7 11. dxe5 dxe5 12. Qxd8+ Kxd8 13. Bc2 Be6 14. Ne3 g6
15. b3 Ke7 16. Ba3+ Bd6 17. Bxd6+ Kxd6 18. f3 Rhd8 19. Rfd1+ Ke7 20. Kf2 Rxd1
21. Rxd1 Rd8 22. Rxd8 1/2-1/2

[Event "Bundesliga 2022-23"]
[Site "Munich GER"]
[Date "2022.10.23"]
[Round "2.5"]
[Board "1"]
[White "Eljanov, Pavel"]
[Black "Ivanchuk, Vasyl"]
[Result "1-0"]
[WhiteTitle "GM"]
[BlackTitle "GM"]
[WhiteElo "2697"]
[BlackElo "2678"]
[WhiteTeam "Muenchener Schachclub 1836"]
[BlackTeam "SC Remagen Sinzig"]
[WhiteFideId "14102951"]
[BlackFideId "14100010"]
[EventDate "2022.10.22"]

1. d4 d5 2. c4 c6 3. Nf3 Nf6 4. e3 Bf5 5. Nc3 e6 6. Nh4 Bg6 7. Be2 Nbd7 8. O-O
dxc4 9. Bxc4 Bh5 10. Be2 Bxe2 11. Qxe2 c5 12. Rd1 cxd4 13. exd4 Nb6 14. Nf5 Nfd5
15. Ne4 h6 16. a4 a6 17. Nc5 Qf6 18. Ng3 Rb8 19. Ra3 Nd7 20. Nh5 Qf5 21. Rf3
Qxh5 22. Nxe6 Ne7 23. Re1 1-0

[Event "Bundesliga 2022-23"]
[Site "Munich GER"]
[Date "2022.10.23"]
[Round "2.5"]
[Board "2"]
[White "Plat, Vojtech"]
[Black "Jones, Gawain C B"]
[Result "1/2-1/2"]
[WhiteTitle "GM"]
[BlackTitle "GM"]
[WhiteElo "2546"]
[BlackElo "2626"]
[WhiteTeam "SC Remagen Sinzig"]
[BlackTeam "Muenchener Schachclub 1836"]
[WhiteFideId "325740"]
[BlackFideId "409561"]
[EventDate "2022.10.22"]

1. d4 Nf6 2. c4 g6 3. g3 Bg7 4. Bg2 O-O 5. Nc3 d6 6. Nf3 c5 7. O-O Nc6 8. dxc5
dxc5 9. Be3 Be6 10. Bxc5 Qa5 11. Ba3 Bxc4 12. Nd2 Be6 13. Qa4 Qxa4 14. Nxa4 Rfd8
15. Nb3 Bd5 16. Rac1 Rac8 17. Rfd1 b5 18. Bxd5 Nxd5 19. Nac5 b4 20. Nb7 Rd7 21.
Bxb4 Bxb2 22. Rc5 Rxb7 23. Rdxd5 Rxb4 24. Rc2 Ba3 25. Ra5 Rxb3 26. axb3 Nxa5 27.
Rxc8+ Kg7 28. Rc7 Bd6 29. Rxa7 Nxb3 30. Ra4 f5 31. Kg2 Nc5 32. Rc4 g5 33. g4
fxg4 34. Rxg4 Bf4 35. Kf1 Kg6 36. h3 Kf5 37. Rg1 Ne6 38. Kg2 Bd6 39. e3 Nf8 40.
Ra1 Ng6 41. Ra5+ Ne5 42. Ra8 Kf6 43. Ra4 h5 44. Ra5 Kf5 45. Rd5 Kf6 46. Ra5 g4
47. hxg4 hxg4 48. Ra4 Kg5 49. Ra5 Kf5 50. Rd5 Kg6 51. Kg3 Kf7 52. Rb5 Kf6 53.
Kf4 Kg6 54. Rb1 e6 55. Rb7 Kf6 56. Rb1 Bb4 57. Ke4 Bf8 58. Kf4 Bh6+ 59. Kg3 Kf5
60. Rb5 Bf8 61. Ra5 Bb4 62. Rb5 Bc3 63. Kg2 Bd2 64. Kg3 Be1 65. Kg2 Kf6 66. Kg3
Bc3 67. Kf4 Bb4 68. Kg3 Be7 69. Kf4 Bd8 70. Rb1 Bc7 71. Rb7 Bd6 72. Rb5 Nd3+ 73.
Kxg4 Nxf2+ 74. Kf3 Nd3 75. Rb1 Ke5 76. Rh1 Kd5 77. Rd1 Kc4 78. Ke2 Nf4+ 1/2-1/2

[Event "Bundesliga 2022-23"]
[Site "Munich GER"]
[Date "2022.10.23"]
[Round "2.5"]
[Board "3"]
[White "Saric, Ivan"]
[Black "Pavlidis, Antonios"]
[Result "1/2-1/2"]
[WhiteTitle "GM"]
[BlackTitle "GM"]
[WhiteElo "2668"]
[BlackElo "2550"]
[WhiteTeam "Muenchener Schachclub 1836"]
[BlackTeam "SC Remagen Sinzig"]
[WhiteFideId "14508150"]
[BlackFideId "4212312"]
[EventDate "2022.10.22"]

1. e4 e5 2. Nf3 Nc6 3. Bb5 a6 4. Ba4 Nf6 5. d3 Bc5 6. Bxc6 dxc6 7. O-O Qe7 8.
Nbd2 Bg4 9. h3 Bh5 10. Nc4 Nd7 11. Bd2 O-O-O 12. Rb1 f5 13. exf5 e4 14. g4 exf3
15. gxh5 b5 16. b4 Ba7 17. Qxf3 bxc4 18. Qxc6 Ne5 19. Qa8+ Kd7 20. Qe4 Nc6 21.
Qxc4 Nd4 22. Kg2 Qd6 23. Be3 Qc6+ 24. Qxc6+ Nxc6 25. a4 Ra8 26. b5 Ne7 27. Bxa7
Rxa7 28. b6 cxb6 29. Rxb6 Nxf5 30. Re1 1/2-1/2

[Event "Bundesliga 2022-23"]
[Site "Munich GER"]
[Date "2022.10.23"]
[Round "2.5"]
[Board "4"]
[White "Burg, Twan"]
[Black "Martinovic, Sasa"]
[Result "1/2-1/2"]
[WhiteTitle "GM"]
[BlackTitle "GM"]
[WhiteElo "2511"]
[BlackElo "2546"]
[WhiteTeam "SC Remagen Sinzig"]
[BlackTeam "Muenchener Schachclub 1836"]
[WhiteFideId "1010697"]
[BlackFideId "14509792"]
[EventDate "2022.10.22"]

1. Nf3 d5 2. e3 Nf6 3. c4 e6 4. Nc3 b6 5. cxd5 exd5 6. g3 Bd6 7. Bg2 O-O 8. O-O
Re8 9. b3 Bb7 10. Bb2 Nbd7 11. Rc1 a6 12. d3 Rc8 13. a4 Bb4 14. Ne2 c5 15. d4
Ne4 16. dxc5 bxc5 17. Nc3 Ndf6 18. Nxe4 Nxe4 19. Ne5 f6 20. Nd3 Qb6 21. Nxb4
Qxb4 22. f3 Ng5 23. Bc3 Qb6 24. Re1 Re7 1/2-1/2

[Event "Bundesliga 2022-23"]
[Site "Munich GER"]
[Date "2022.10.23"]
[Round "2.5"]
[Board "5"]
[White "Prusikin, Michael"]
[Black "Dgebuadze, Alexandre"]
[Result "1-0"]
[WhiteTitle "GM"]
[BlackTitle "GM"]
[WhiteElo "2517"]
[BlackElo "2430"]
[WhiteTeam "Muenchener Schachclub 1836"]
[BlackTeam "SC Remagen Sinzig"]
[WhiteFideId "4642325"]
[BlackFideId "203882"]
[EventDate "2022.10.22"]

1. d4 Nf6 2. c4 e6 3. Nf3 Bb4+ 4. Bd2 a5 5. a3 Bxd2+ 6. Qxd2 Nc6 7. Nc3 d6 8. g3
a4 9. Qc2 Bd7 10. Bg2 O-O 11. O-O Na5 12. Nd2 Nc6 13. Nf3 Na5 14. Nd2 Nc6 15. e3
Qc8 16. f4 Ne7 17. e4 c5 18. d5 exd5 19. cxd5 c4 20. Rae1 Ra5 21. Kh1 Ng6 22.
Nf3 Re8 23. Nd4 h5 24. Nf3 Ra6 25. Qd2 Bg4 26. Ng5 Bd7 27. Qd4 Qc7 28. h3 b5 29.
Na2 Raa8 30. Qd2 Rac8 31. Nc3 Qb8 32. Re2 b4 33. axb4 Qxb4 34. Rfe1 Qb8 35. Qd4
h4 36. f5 Ne5 37. gxh4 Nh5 38. Qe3 Qb3 39. Rg1 a3 40. Bf3 Nf6 41. bxa3 Kf8 42.
a4 Rb8 43. Ra2 Qb6 44. Qxb6 Rxb6 45. Bd1 Nd3 46. Bc2 Ra8 47. Rb1 Rxb1+ 48. Bxb1
Bc8 49. Kg2 Ba6 50. Kf3 Ne5+ 51. Kf4 Rb8 52. Bc2 Ke7 53. Bd1 Rh8 54. Kg3 Nd3 55.
Ra1 Nd7 56. Rb1 N7e5 57. Rb6 Ra8 58. Nf3 Nxf3 59. Kxf3 Ne5+ 60. Ke3 Nd7 61. Rb2
Rh8 62. h5 g6 63. fxg6 fxg6 64. Bg4 gxh5 65. Bxd7 Kxd7 66. Rb6 Bc8 67. Nb5 Ke7
68. h4 Bd7 69. Nxd6 c3 70. Kd3 Ra8 71. Kxc3 Rxa4 72. Nc4 Ra1 73. Rh6 Bb5 74. Nd6
Be2 75. Nf5+ Kf7 76. e5 Bg4 77. e6+ Kg8 78. e7 Ra8 79. Rf6 Bd1 80. d6 Ba4 81.
Nd4 Kg7 82. Rf8 Ra6 83. e8=Q Bxe8 84. Rxe8 1-0

[Event "Bundesliga 2022-23"]
[Site "Munich GER"]
[Date "2022.10.23"]
[Round "2.5"]
[Board "6"]
[White "Cioara, Andrei-Nestor"]
[Black "Costa, Leonardo"]
[Result "1-0"]
[WhiteTitle "IM"]
[BlackTitle "FM"]
[WhiteElo "2407"]
[BlackElo "2350"]
[WhiteTeam "SC Remagen Sinzig"]
[BlackTeam "Muenchener Schachclub 1836"]
[WhiteFideId "1203509"]
[BlackFideId "16213955"]
[EventDate "2022.10.22"]

1. d4 d5 2. c4 e6 3. Nf3 Nf6 4. g3 Be7 5. Bg2 O-O 6. O-O c6 7. Nbd2 b6 8. Qc2
Bb7 9. e4 Na6 10. e5 Nd7 11. a3 c5 12. dxc5 Naxc5 13. b4 Ne4 14. Bb2 Nxd2 15.
Nxd2 Rc8 16. Qd1 Nb8 17. Qg4 a5 18. Rfd1 axb4 19. axb4 Bxb4 20. cxd5 Bxd2 21.
Rxd2 Bxd5 22. Bxd5 Qd7 23. Ra4 Rcd8 24. Rb4 exd5 25. Qxg7+ Kxg7 26. e6+ f6 27.
exd7 Nxd7 28. Rxd5 Ne5 29. Rxd8 Rxd8 30. Rxb6 Rd2 31. Bxe5 fxe5 32. Kg2 Ra2 33.
h4 h6 34. h5 Rc2 35. Rg6+ Kh7 36. Re6 Rc5 37. Re7+ Kg8 38. g4 Ra5 39. f3 Ra2+
40. Kg3 Re2 41. Ra7 Rb2 42. Ra1 Kg7 43. Rf1 Kf6 44. Rf2 Rb3 45. Re2 Ra3 46. Kf2
Rb3 47. Kg2 Ra3 48. Rb2 Kg5 49. Re2 Kf6 50. Rb2 Kg5 51. Rb5 Ra2+ 52. Kg3 Kf6 53.
Rb7 Ra3 54. Rb6+ Kg7 55. Re6 Ra5 56. Kf2 Rb5 57. Ke3 Ra5 58. Ke4 Ra4+ 59. Kxe5
Ra3 60. f4 Ra5+ 61. Ke4 Ra4+ 62. Kf5 Ra5+ 63. Re5 Ra7 64. g5 Ra8 65. Ke4 1-0

[Event "Bundesliga 2022-23"]
[Site "Munich GER"]
[Date "2022.10.23"]
[Round "2.5"]
[Board "7"]
[White "Yankelevich, Lev"]
[Black "Petrisor, Adrian-Marian"]
[Result "1/2-1/2"]
[WhiteTitle "GM"]
[BlackTitle "IM"]
[WhiteElo "2484"]
[BlackElo "2404"]
[WhiteTeam "Muenchener Schachclub 1836"]
[BlackTeam "SC Remagen Sinzig"]
[WhiteFideId "24684074"]
[BlackFideId "1213741"]
[EventDate "2022.10.22"]

1. Nf3 d5 2. d4 e6 3. g3 Nf6 4. Bg2 b5 5. O-O Nbd7 6. a4 b4 7. c4 bxc3 8. Nxc3
Ba6 9. Bf4 Nh5 10. Bd2 Nhf6 11. Re1 Be7 12. Qc2 O-O 13. e4 Nxe4 14. Nxe4 dxe4
15. Rxe4 Bb7 16. Ree1 c5 17. Bc3 cxd4 18. Nxd4 Bxg2 19. Kxg2 Rc8 20. Rad1 Bb4
21. Nb5 Bxc3 22. Nxc3 1/2-1/2

[Event "Bundesliga 2022-23"]
[Site "Munich GER"]
[Date "2022.10.23"]
[Round "2.5"]
[Board "8"]
[White "Geirnaert, Steven"]
[Black "Berchtenbreiter, Maximilian"]
[Result "1-0"]
[WhiteTitle "IM"]
[BlackTitle "IM"]
[WhiteElo "2399"]
[BlackElo "2509"]
[WhiteTeam "SC Remagen Sinzig"]
[BlackTeam "Muenchener Schachclub 1836"]
[WhiteFideId "203866"]
[BlackFideId "24641120"]
[EventDate "2022.10.22"]

1. d4 Nf6 2. c4 e6 3. Nc3 d5 4. cxd5 exd5 5. Bg5 Be7 6. e3 O-O 7. Bd3 Re8 8. Nf3
c6 9. Qc2 Ne4 10. Bf4 Bf5 11. O-O Bf6 12. Be5 Nd7 13. Nxe4 dxe4 14. Bxe4 Bxe4
15. Qxe4 Qa5 16. Rfd1 Nxe5 17. dxe5 Bxe5 18. Nxe5 Rxe5 19. Qf4 Rf5 20. Qd6 Qb6
21. Rd2 h6 22. Rad1 a5 23. g4 Rg5 24. h3 Re8 25. Qd4 Qb5 26. Qf4 Rd5 27. Rxd5
cxd5 28. Qd4 a4 29. Rd2 Rd8 30. e4 Rc8 31. exd5 Rc4 32. Qd3 Rc1+ 33. Kg2 Qe8 34.
d6 Qe1 35. d7 Qh1+ 36. Kg3 Rg1+ 37. Kh4 g6 38. d8=Q+ Kh7 39. Qf6 Rxg4+ 40. Kxg4
Qg2+ 41. Kh4 1-0